000 00929nam a22003137a 4500
003 DO-SdBNP
005 20180202103433.0
008 180202b 2006 sp |||| 00| 0 spa d
016 7 _a
_2BPMSU
017 _a
_b
020 _a9789707311237
035 _a
040 _aBPMSU
_bspa
_cBPMSU
_e
080 0 _a
082 4 _axxxxxx
_bxxxxxx
100 1 _aAnónimo
130 0 _aGo Ask Alice
_lEspañol
240 _aGo Ask Alice
_leng.
245 1 0 _aPregúntale a Alicia :
_bdiario íntimo de una joven drogadicta /
_canónimo ; traducción de Teresa Pàmies
_h
250 _a4a. ed.
260 _aMadrid :
_bSantillana ediciones generales,
_c2006.
_g2011
300 _a203 p. ;
_c19 cm
490 1 _aPunto de lectura
_v99 / 1
700 1 _aPàmies, Teresa,
_d1919-2012
830 0 _aPunto de lectura
_n99/1
942 _2ddc
_cBK
945 _aInventariado, 2018 / BT
956 _aBTAVAREZ
_b10
_d20180102
_fBPMSU
_h0038
999 _c13250
_d13250